| 000 | 01175nam a2200313 a 4500 | ||
|---|---|---|---|
| 001 | BRCA_1919 | ||
| 005 | 20190320203613.0 | ||
| 008 | 020718s1998 sp-a---###---#000-0#spa-d | ||
| 020 | _a8439574185 (Obra completa) | ||
| 050 | 4 |
_aNX70 _b.G73 1998 |
|
| 245 | 1 | 0 | _aGran historia del arte. |
| 260 |
_aBarcelona _bPlaneta _c1998 |
||
| 300 |
_a10 v. _bil. _c29 cm. _e10 videocasetes |
||
| 505 | 0 | _aContenido : v.1. Las primeras civilizaciones. -- v.2. La antigüedad clásica. -- v.3. La edad media I. -- v.4. La edad media II. -- v.5. El Renacimiento I. -- v.6. El Renacimiento II y el Manierismo. -- v.7. El Barroco y el Rococó. -- v.8. El siglo XIX. -- v.9. El siglo XX. -- v.10. África, América y Asia | |
| 650 | 1 | 4 |
_aArte _xHistoria _ySiglos XIX y XX _95919 |
| 650 | 1 | 4 |
_aArte barroco _93994 |
| 650 | 1 | 4 |
_aArte gótico _95920 |
| 650 | 1 | 4 |
_aArte rococó _95921 |
| 740 | 0 | _aLas primeras civilizaciones | |
| 740 | 0 | _aLa antigüedad clásica | |
| 740 | 0 | _aLa edad media | |
| 740 | 0 | _aEl renacimiento | |
| 740 | 0 | _aBarroco y el Rococó | |
| 740 | 0 | _aEl siglo XIX | |
| 740 | 0 | _aEl siglo XX | |
| 740 | 0 | _aÁfrica, América y Asia | |
| 902 | _aREF | ||
| 942 |
_2lcc _cB |
||
| 999 |
_c1691 _d1691 |
||